[Event "EVERY START/ EVERY VARIANT- Numero XIII- SS"]
[Site "SchemingMind.com"]
[Date "2017.06.20"]
[Round "-"]
[White "j4orce"]
[Black "aliwood"]
[Result "1-0"]
[WhiteCountry "USA"]
[BlackCountry "ENG"]
[WhiteElo "1646"]
[WhiteRD "113"]
[BlackElo "1232"]
[BlackRD "84"]
[GameID "415178"]

1. e4 c5 2. b3 e5 3. Nc3 d6 4. Bc4 Be6 5. d3 Bxc4 6. dxc4 Nf6 7. Nf3 Be7 8. Nh4 Nfd7 9. Nf5 Bf6 10. Nxd6+ Kf8
11. Nd5 Bg5 12. f4 Bxf4 13. Nxf4 exf4 14. Qd5 Qe7 15. Bxf4 Nc6 16. O-O Nce5 17. Rad1 h5 18. Nxf7 Nxf7 19. Bd6 Nb6 20. Bxe7+ Kg8
21. Qxf7+ Kh7 22. Bf6 Rhg8 23. Qxh5#
1-0

[Event "EVERY START/ EVERY VARIANT- Numero XIII- SS"]
[Site "SchemingMind.com"]
[Date "2017.06.20"]
[Round "-"]
[White "aliwood"]
[Black "DANDYLIONHONEYBADGER"]
[Result "0-1"]
[WhiteCountry "ENG"]
[BlackCountry "USA"]
[WhiteElo "1210"]
[WhiteRD "70"]
[BlackElo "1239"]
[BlackRD "81"]
[GameID "415179"]

1. e4 c5 2. b3 e5 3. Nf3 Bd6 4. Be2 f6 5. O-O g5 6. c4 Ne7 7. Bb2 Ng6 8. Bd3 Nf4 9. Bc2 h5 10. Nc3 a6
11. Nd5 h4 12. a4 g4 13. Nxf6+ Qxf6 14. Nxe5 Bxe5 15. Bxe5 Qxe5 16. Qxg4 h3 17. g3 Nc6 18. Rae1 d6 19. Qd1 Nd4 20. Bb1 Rg8
21. d3 Ng2 22. Re3 Nxe3 23. fxe3 Rxg3+ 24. hxg3 Qxg3+ 25. Kh1 Qg2#
0-1

[Event "EVERY START/ EVERY VARIANT- Numero XIII- SS"]
[Site "SchemingMind.com"]
[Date "2017.06.20"]
[Round "-"]
[White "DANDYLIONHONEYBADGER"]
[Black "aliwood"]
[Result "0-1"]
[WhiteCountry "USA"]
[BlackCountry "ENG"]
[WhiteElo "1239"]
[WhiteRD "81"]
[BlackElo "1210"]
[BlackRD "70"]
[GameID "415180"]

1. e4 c5 2. b3 Nc6 3. c3 e5 4. Ba3 d6 5. h3 Nf6 6. Be2 Be7 7. g4 Nxe4 8. Nf3 O-O 9. Bd3 Nf6 10. Qe2 e4
11. Bxe4 Nxe4 12. h4 d5 13. d3 Bxg4 14. Nbd2 Nxd2 15. Kxd2 d4 16. cxd4 Nxd4 17. Qe4 Bxf3 18. Rh3 Bxe4
0-1

[Event "EVERY START/ EVERY VARIANT- Numero XIII- SS"]
[Site "SchemingMind.com"]
[Date "2017.06.19"]
[Round "-"]
[White "surfnsuds"]
[Black "Henk Miedema"]
[Result "1-0"]
[WhiteCountry "USA"]
[BlackCountry "NED"]
[WhiteElo "1404"]
[WhiteRD "76"]
[BlackElo "969"]
[BlackRD "70"]
[GameID "415231"]

1. e4 c5 2. b3 Nc6 3. Nf3 e5 4. Nc3 d6 5. Nd5 Nf6 6. d3 Be7 7. Nxf6+ Bxf6 8. Bb2 O-O 9. c3 Qb6 10. d4 Qd8
11. d5 Ne7= 12. Ba3 a6= 13. Be2 b6 14. b4 Ng6 15. bxc5 Be7 16. c6 Nf4 17. O-O b5 18. Qd2 Bf6 19. c4 Qb6 20. Bxd6 Ng6
21. Bxf8 Kxf8 22. Rab1 Bd8 23. cxb5 a5 24. Qc3 Nf4 25. Qb2 Bh3 26. Qxe5 Nxe2+ 27. Kh1 Bg4 28. Rfe1 Qxf2 29. Ng1 Bf6 30. Qd6+ Be7
31. Qc7 Ng3+ 32. hxg3 Bd8 33. Qb7 Qa7 34. b6 Qb8= 35. Qxb8 Rxb8 36. b7 Bc7 37. Kh2 Be5 38. Nf3 Bc7 39. Red1 g6 40. d6 Bd8=
41. c7 Bxc7 42. dxc7 Re8 43. Rd8
1-0

[Event "EVERY START/ EVERY VARIANT- Numero XIII- SS"]
[Site "SchemingMind.com"]
[Date "2017.06.19"]
[Round "-"]
[White "Henk Miedema"]
[Black "surfnsuds"]
[Result "0-1"]
[WhiteCountry "NED"]
[BlackCountry "USA"]
[WhiteElo "967"]
[WhiteRD "70"]
[BlackElo "1392"]
[BlackRD "77"]
[GameID "415232"]

1. e4 c5 2. b3 Nc6 3. Ba3 d6 4. Bc4 Ne5 5. Qh5 Bg4 6. Qh4 e6 7. Bb5+ Nd7 8. Qxg4 Nf6 9. Ne2 Nxg4 10. f3 Ne5
11. Bb2 Qa5 12. Bc3= Qxb5 13. Na3 Qa6 14. O-O-O Qxa3+ 15. Bb2 Qxa2 16. Nc3 Qa5 17. Nb1 Be7 18. d3 O-O 19. Bc3 Qa2 20. Kd2 Bg5+
21. Ke1 d5 22. h4 Bf4 23. d4 Qxc2 24. Na3 Qxc3+ 25. Kf2 Qe3+ 26. Kf1 Nd3
0-1

[Event "EVERY START/ EVERY VARIANT- Numero XIII- SS"]
[Site "SchemingMind.com"]
[Date "2017.06.20"]
[Round "-"]
[White "aliwood"]
[Black "Henk Miedema"]
[Result "0-1"]
[WhiteCountry "ENG"]
[BlackCountry "NED"]
[WhiteElo "1184"]
[WhiteRD "73"]
[BlackElo "969"]
[BlackRD "70"]
[GameID "415233"]

1. e4 c5 2. b3 b5 3. Bxb5 a6 4. Bc4 Bb7 5. d3 e6= 6. Nf3 Bd6 7. Be3 Nf6 8. O-O O-O 9. a3 Qc7 10. g3 Be5
11. Nxe5 Qxe5 12. c3 Nc6 13. d4 Qxe4 14. Nd2 Qf5 15. dxc5 Ne7 16. Nb1 Bf3 17. Qd2 Qh3 18. Qd6 Qg2#
0-1

[Event "EVERY START/ EVERY VARIANT- Numero XIII- SS"]
[Site "SchemingMind.com"]
[Date "2017.06.20"]
[Round "-"]
[White "Henk Miedema"]
[Black "aliwood"]
[Result "0-1"]
[WhiteCountry "NED"]
[BlackCountry "ENG"]
[WhiteElo "969"]
[WhiteRD "70"]
[BlackElo "1184"]
[BlackRD "73"]
[GameID "415234"]

1. e4 c5 2. b3 Nc6 3. Bc4 e6 4. Nf3 d6 5. e5 d5 6. Be2 Bd7 7. O-O Qc7 8. d3 O-O-O 9. c4 Nxe5 10. Bg5 f6
11. Bf4 Qc6 12. d4 cxd4 13. Bxe5 Qb6 14. Bxd4 Qa6 15. Qc1 e5 16. Bb2 d4 17. Bd3 Bc5 18. Re1 Ne7 19. Qc2 Qa5 20. Nbd2 Kb8
21. Qc1 Qc7 22. Ne4 Bb4 23. Re2 Ng6 24. a3 Nf4 25. Re1 Bxe1 26. Qxe1 Nxd3 27. Qe2 Nxb2 28. Qxb2 Bf5 29. Qe2 d3 30. Qe3 Rhe8
31. Nh4 Bc8 32. Nf5 Bxf5 33. Nd2 e4 34. c5 g5 35. b4 Qe5 36. Nc4 Qxa1+
0-1

[Event "EVERY START/ EVERY VARIANT- Numero XIII- SS"]
[Site "SchemingMind.com"]
[Date "2017.06.18"]
[Round "-"]
[White "maro"]
[Black "Henk Miedema"]
[Result "1-0"]
[WhiteCountry "MEX"]
[BlackCountry "NED"]
[WhiteElo "1397"]
[WhiteRD "69"]
[BlackElo "969"]
[BlackRD "70"]
[GameID "415235"]

1. e4 c5 2. b3 Nc6 3. Bc4 e6 4. Nf3 Qf6 5. Nc3 Qg6 6. O-O Nf6 7. e5 Ng4 8. d4 Nb4 9. Bd3 Qh5 10. h3 Nh6
11. Be2 Qg6 12. Nh4 Qxc2 13. Qxc2 b6 14. Qe4 Rb8 15. dxc5 Bxc5 16. Nb5 O-O 17. Nxa7 Bb7 18. Qc4 Nc6 19. Nb5 Na5 20. Qf4 Kh8
21. Bd3 Be7 22. a4 Nxb3 23. Rb1 Nc5 24. Bc2 Ng8 25. Nd6 Bxd6 26. exd6 Rbc8 27. Rxb6 Bd5 28. Ba3 f6= 29. Bxc5 Rxc5= 30. Be4 Bc4
31. Rc1 Rcc8 32. Bb7 Bd5 33. Rxc8 Rf7 34. Qg4 f5 35. Qh5 Rf6 36. Qe8 e5 37. Bxd5 Rf8= 38. Qxf8
1-0

[Event "EVERY START/ EVERY VARIANT- Numero XIII- SS"]
[Site "SchemingMind.com"]
[Date "2017.06.15"]
[Round "-"]
[White "Henk Miedema"]
[Black "maro"]
[Result "0-1"]
[WhiteCountry "NED"]
[BlackCountry "MEX"]
[WhiteElo "967"]
[WhiteRD "70"]
[BlackElo "1347"]
[BlackRD "72"]
[GameID "415236"]

1. e4 c5 2. b3 Nc6 3. Bc4 Nf6 4. Nf3 e5 5. Nc3 a6 6. Ng5 d5 7. exd5 Nxd5 8. Nge4 Be6 9. O-O Be7 10. d3 O-O
11. Ne2 b5 12. Bxd5 Bxd5 13. N4g3 Bf6 14. Ba3 b4 15. Bb2 Ne7 16. c4 Be6 17. Bc1 e4 18. Nxe4 Bxa1 19. Be3 Be5 20. Nxc5 Qc7
21. Bd2 Qxc5 22. Be3 Qc6 23. Qc1 h6 24. Qd2 Bc7 25. Qxb4 Nf5 26. Bc5 Nh4 27. Bxf8 Qxg2#
0-1

[Event "EVERY START/ EVERY VARIANT- Numero XIII- SS"]
[Site "SchemingMind.com"]
[Date "2017.06.15"]
[Round "-"]
[White "ray winteringham"]
[Black "Henk Miedema"]
[Result "1-0"]
[WhiteCountry "ENG"]
[BlackCountry "NED"]
[WhiteElo "1456"]
[WhiteRD "51"]
[BlackElo "967"]
[BlackRD "70"]
[GameID "415237"]

1. e4 c5 2. b3 Nf6 3. Bb2 Nxe4 4. Bc4 d5 5. Bd3 Ng5 6. Nf3 d4 7. Nxg5 h6 8. Nxf7 Kxf7 9. Qh5+ Kg8 10. Qxc5 b6
11. Qxd4 Qxd4 12. Bxd4 Nc6 13. Be3 e6= 14. Nc3 Ba3= 15. O-O Nb4 16. Nb5 Bb2 17. Rab1 Be5 18. Rfe1 Bd7 19. g3 Nxa2 20. c3 a6
21. Bd4 Bf6 22. Bxf6 gxf6 23. Nd4 b5 24. Ra1 Nxc3 25. dxc3 a5 26. Nxb5 Kg7 27. Ra3 f5 28. f4 Rhf8 29. Rea1 a4 30. Rxa4 Kg6
31. Rxa8 Rf7 32. Nd6 Bc6 33. Rd8 Rh7 34. Ra6 Bd5 35. Nxf5 Kf6 36. Rxd5 Kf7 37. Nd6+ Ke7 38. Ra7+ Kf6= 39. Ne8#
1-0

[Event "EVERY START/ EVERY VARIANT- Numero XIII- SS"]
[Site "SchemingMind.com"]
[Date "2017.06.15"]
[Round "-"]
[White "Henk Miedema"]
[Black "ray winteringham"]
[Result "0-1"]
[WhiteCountry "NED"]
[BlackCountry "ENG"]
[WhiteElo "968"]
[WhiteRD "65"]
[BlackElo "1481"]
[BlackRD "52"]
[GameID "415238"]

1. e4 c5 2. b3 Nc6 3. Bc4 e6 4. Nf3 Be7 5. O-O b6 6. d4 d5 7. Nc3 dxc4 8. Qe2 cxb3 9. cxb3 Nxd4 10. Qe3 Nc2
11. Qe2 Nxa1 12. Bb2 Nxb3 13. axb3= Bd6 14. Ba3 Ne7 15. Bb2 O-O 16. e5 Bc7 17. Ne4= Bb7 18. Bc3 Qe8 19. Bd2= Qc6 20. Qd3 Qxe4
21. Qd7 Rfe8 22. Qxc7 Red8 23. Qxe7 Rxd2 24. Nxd2 Qxg2#
0-1

[Event "EVERY START/ EVERY VARIANT- Numero XIII- SS"]
[Site "SchemingMind.com"]
[Date "2017.06.20"]
[Round "-"]
[White "j4orce"]
[Black "Henk Miedema"]
[Result "1-0"]
[WhiteCountry "USA"]
[BlackCountry "NED"]
[WhiteElo "1646"]
[WhiteRD "113"]
[BlackElo "967"]
[BlackRD "70"]
[GameID "415239"]

1. e4 c5 2. b3 Nf6 3. Nc3 e5 4. Nf3 d6 5. Bc4 Be7 6. h3 O-O 7. Nd5 Nxe4 8. Nxe7+ Qxe7 9. Bd5 Nf6 10. c4 Nbd7
11. d3 Nh5 12. Ng5 Ndf6 13. g4 Rb8 14. gxh5 Bd7 15. Rg1 Qd8 16. Nxh7 Kxh7 17. Bg5 b5 18. h6 Ne8 19. Bxd8 Rxd8 20. Qf3 b4
21. Bxf7 gxh6 22. Bg8+ Kh8 23. Qxf8 a5 24. Bh7+
1-0

[Event "EVERY START/ EVERY VARIANT- Numero XIII- SS"]
[Site "SchemingMind.com"]
[Date "2017.06.20"]
[Round "-"]
[White "Henk Miedema"]
[Black "j4orce"]
[Result "0-1"]
[WhiteCountry "NED"]
[BlackCountry "USA"]
[WhiteElo "967"]
[WhiteRD "70"]
[BlackElo "1646"]
[BlackRD "113"]
[GameID "415240"]

1. e4 c5 2. b3 e5 3. c4 Nf6 4. Bb2 Nc6 5. Be2 d6 6. d3= Nd4 7. Nf3 h6 8. O-O Nxe2+ 9. Qxe2 g5 10. Bc3 Bh3
11. gxh3 Qd7 12. h4 gxh4 13. b4 cxb4 14. Bxb4 h3 15. Nc3 Qg4+ 16. Kh1 Qg2#
0-1

[Event "EVERY START/ EVERY VARIANT- Numero XIII- SS"]
[Site "SchemingMind.com"]
[Date "2017.06.19"]
[Round "-"]
[White "DANDYLIONHONEYBADGER"]
[Black "Henk Miedema"]
[Result "1/2-1/2"]
[WhiteCountry "USA"]
[BlackCountry "NED"]
[WhiteElo "1239"]
[WhiteRD "81"]
[BlackElo "1002"]
[BlackRD "69"]
[GameID "415241"]

1. e4 c5 2. b3 Nc6 3. c3 b5 4. Bxb5 Ne5 5. Qe2 a6 6. Bc4 a5 7. Bb5 e6 8. Ba3 Nf6 9. Nf3 Bd6 10. Nxe5 O-O
11. Nc4 Bc7 12. Bxc5 Re8 13. e5 d5 14. Ne3 Bxe5 15. Bxe8 Qxe8 16. a4 Rb8 17. b4 Qd8 18. b5 Qc7 19. d4 Qd7 20. Na3 Qe8
21. g4 Ne4=
1/2-1/2

[Event "EVERY START/ EVERY VARIANT- Numero XIII- SS"]
[Site "SchemingMind.com"]
[Date "2017.06.20"]
[Round "-"]
[White "Henk Miedema"]
[Black "DANDYLIONHONEYBADGER"]
[Result "0-1"]
[WhiteCountry "NED"]
[BlackCountry "USA"]
[WhiteElo "1002"]
[WhiteRD "69"]
[BlackElo "1239"]
[BlackRD "81"]
[GameID "415242"]

1. e4 c5 2. b3 e5 3. c4 d6 4. Be2 Nf6 5. d3 g6 6. Qd2 b6 7. Nc3 h5 8. Bb2 Be6 9. O-O-O Bh6 10. f4 Bxf4
11. g3 Bxd2+ 12. Rxd2 a6 13. Nf3 Ng4 14. Bf1 Bd7 15. h4 f6 16. Nd5 b5 17. a4 bxa4 18. b4 cxb4 19. Ba1 b3 20. Bb2 Nc6
21. Ba3 Nd4 22. Bxd6 a3 23. Bxa3 Qa5 24. Kb2 Nb5 25. Be2 Qxa3+ 26. Kb1 Be6 27. Nb6 Nc3#
0-1